Arrêts de busway de Nantes - Ligne 5 - Statistiques

Statistiques générales
  • Ce quiz a été pris 7 fois
  • Le résultat moyen est 10 sur 15
Statistiques - réponses
Commune Arrêts Correspondances % Correct
Nantes Île de Nantes 4
100%
Nantes Conservatoire 26
83%
Nantes Gare Sud 1, C2, C3, C8
83%
Nantes Hangar à Bananes N2
83%
Nantes Nizan
83%
Nantes Galarne 26
67%
Nantes Pompidou 26
67%
Nantes Prairie au Duc
67%
Nantes République 26
67%
Nantes Vincent Gâche 2, 3
67%
Nantes Berlin C3
50%
Nantes Fonderies
50%
Nantes Haubans C3
50%
Nantes Quai des Antilles
50%
Nantes Gare de l'État
33%
Aucun quiz correspondant
Distribution des résultats
% des personnes avec chaque résultat
Percentile par nombre de réponses
Votre historique - résultats
Vous n’avez pas pris ce quiz